| 000 | 01055cab a2200301 4500 | ||
|---|---|---|---|
| 001 | ABS54827 | ||
| 008 | 090401t1996 xxu||||| |||| 00| 0 eng d | ||
| 035 | _a(Sirsi) u12418 | ||
| 041 | _aeng | ||
| 245 | _aAlternative land use | ||
| 260 | _c1996 | ||
| 300 | _aLOAN | ||
| 350 | _a0 | ||
| 490 |
_aFarm Development Review _v10(5) March 1996 (8) |
||
| 520 | _aFarm shop development, the Farm Holiday Bureau`s annual farm accommodation survey, renewable energy bids submitted to the DTI, food safety enforcement problems including Lanark Blue and Channel Farm Dairy disputes, the success of regional food marketing groups, farm management agreements and the ADAS organic farming advice helpline. | ||
| 650 | _aCHANNEL FARM DAIRY | ||
| 650 | _aFARM DIVERSIFICATION | ||
| 650 | _aFARM HOLIDAYS | ||
| 650 | _aFARM MANAGEMENT AGREEMENTS | ||
| 650 | _aFARM SHOPS | ||
| 650 | _aFOOD SAFETY | ||
| 650 | _aLANARK BLUE | ||
| 650 | _aORGANIC FARMS | ||
| 650 | _aRENEWABLE ENERGY | ||
| 690 | _aRURAL PRACTICE | ||
| 942 | _n0 | ||
| 948 | _c04/03/1997 | ||
| 999 |
_c7936 _d7936 |
||